000 00586nam a2200253Ia 4500
005 20260121154020.0
008 008 260114s9999 xx 000 0 eng d
020 _a9781003198475
037 _aEBOOK
040 _aCRL
040 _beng
040 _cCRL
041 _2eng
041 _aeng
084 _qCRL
100 _a Helen Kelly
_91001969
245 0 _aSchool Leaders Matter
260 _bTaylor and Francis
260 _c2023
856 _uhttp://www.taylorfrancis.com/books/9781003198475
942 _cEBOOK
999 _c1568790
_d1568790